Biến dạng tạo hình vật liệu bột và compozit hạt

Gespeichert in:
Bibliographische Detailangaben
1. Verfasser:  Trần Văn Dũng
Format: Sách
Sprache:Undetermined
Veröffentlicht:  Bách khoa - Hà Nội  2009
Schlagworte:
Tags: Tag hinzufügen
Keine Tags, Fügen Sie den ersten Tag hinzu!
Thư viện lưu trữ: Trung tâm Thư viện - Trường Đại học Công nghiệp TP. Hồ Chí Minh
LEADER 00538nam a2200157Ia 4500
001 UIH_02513
008 231011s9999 xx 000 0 und d
082 |a  620.11 
100 |a  Trần Văn Dũng 
245 0 |a  Biến dạng tạo hình vật liệu bột và compozit hạt 
245 0 |c  Trần Văn Dũng 
260 |b  Bách khoa - Hà Nội 
260 |c  2009 
650 |a  Vật liệu;  
927 |a Sách 
980 |a Trung tâm Thư viện - Trường Đại học Công nghiệp TP. Hồ Chí Minh